Central Library OPAC University of Rajshahi

Modern philosophies and education : (Record no. 46414)

MARC details
000 -LEADER
fixed length control field 01036nam a2200265 a 4500
001 - CONTROL NUMBER
control field 46414
003 - CONTROL NUMBER IDENTIFIER
rucl marc code BD-RjUL
005 - DATE AND TIME OF LATEST TRANSACTION
control field 20211209054141.0
008 - FIXED-LENGTH DATA ELEMENTS--GENERAL INFORMATION
fixed length control field 160802s1955 xxu 001 0 eng d
035 ## - SYSTEM CONTROL NUMBER
System control number (BD-RjUL)46532
040 ## - CATALOGING SOURCE
Original cataloging agency PU
Transcribing agency PSt
Language of cataloging eng
041 ## - LANGUAGE CODE
Language code of text/sound track or separate title eng
082 ## - DEWEY DECIMAL CLASSIFICATION NUMBER
Classification number 370.1
Author mark and year MOD 1955
245 00 - TITLE STATEMENT
Title Modern philosophies and education :
Remainder of title the fifty-fourth yearbook of the national society for the study of education /
Statement of responsibility, etc. edited by Nelson B. Henry.
260 ## - PUBLICATION, DISTRIBUTION, ETC. (IMPRINT)
Place of publication, distribution, etc. Chicago, Ill. :
Name of publisher, distributor, etc. NSSE,
Date of publication, distribution, etc. 1955.
300 ## - PHYSICAL DESCRIPTION
Pagination 1 V ;
Size 23 cm.
490 1# - SERIES STATEMENT
Series statement Yearbook of the National Society for the Study of Education.
Volume/sequential designation 54th, pt. 1
500 ## - GENERAL NOTE
General note Includes index
505 0# - FORMATTED CONTENTS NOTE
Formatted contents note Vol. 1 ---
650 #0 - SUBJECT ADDED ENTRY--TOPICAL TERM
Topical term or geographic name as entry element Education
General subdivision Philosophy
9 (RLIN) 117134
700 1# - ADDED ENTRY--PERSONAL NAME
Personal name Henry, Nelson B.
Fuller form of name (Nelson Bollinger),
Dates associated with a name 1883-1969.
710 2# - ADDED ENTRY--CORPORATE NAME
Corporate name or jurisdiction name as entry element National Society for the Study of Education.
Subordinate unit Committee on Philosophies of Education.
9 (RLIN) 141696
830 #0 - SERIES ADDED ENTRY--UNIFORM TITLE
Uniform title Yearbook of the National Society for the Study of Education.
Volume number/sequential designation 54th, pt. 1
942 ## - ADDED ENTRY ELEMENTS (KOHA)
Source of classification or shelving scheme Dewey Decimal Classification
Koha item type Books
Holdings
Lost status Source of classification or shelving scheme Damaged status Not for loan Collection code Permanent Location Current Location Shelving location Date acquired Source of acquisition Cost, normal purchase price Total Checkouts Full call number Date last seen Copy number Koha item type
  Dewey Decimal Classification     Non-fiction Central Library, University of Rajshahi Central Library, University of Rajshahi   10/10/1957 P. A. Commercial 13.70   370.1 MOD V-1 1955 02/08/2016 C-2 Books